00505nam a2200157Ia 4500008004000000082001800040100001700058245005300075250000500128260003700133300000800170690001000178906001100188999001700199952013100216210210b1990 xxu||||| |||| 00| 0 eng d a621.3841 VIJP aVIJAY (R C). aPractical transistor radio servicing. Rev. Ed.8. a aDelhibHind Pustak Bhandarc1990 a288 aRadio a047166 c96506d96506 001040708ElectronicsaALbALcElectronicsd2021-02-17g32.00l0o621.3841 VIJPp047166r2021-02-17 00:00:00w2021-02-17yBK